00891nam a22002417a 450000500170000001000110001702000210002803500110004903700160006004000120007608200160008810000240010424501250012826000350025327000190028830000210030750000200032865000320034865000390038094200250041999900190044495201860046320170124105956.0 a600935 c00.00a057109418 a600935 bCen Lib/Ret aDPLbEN a331.15bBAN aBanks, J. A.914680 aMarxist sociology in action :cby J. A. Banksba sociological critique of the marxist approach to industrial relations / aLondonbFaber and Faber c1970 aLondonbLondon a324p. c21cm(Hb) aIncludes index  aIndustrial relations975739 aMarxian school of sociology914682 2ddccENh331.15mBAN c125535d125535 04104070aLbLd2015-06-22eCen Lib/Retg0.00l0o331.15 BANp600935r2015-06-22 00:00:00t1v0.00w2015-06-22yENzWritten off on approval by DLB (By Circulation); dtd 15-06-2023